01536nam a2200361 i 4500001001000000003000900010005001700019007000300036008004100039020001800080040003000098041000800128082002900136100005700165245005100222250002300273260002000296264007800316300002700394336002700421337003400448338003000482500007300512590002700585650002400612650002600636910003700662942001400699952015000713952015000863952014401013999001701157000037717DO-SdBNP20260305095132.0ta121115s2018 dr 000 0 spa d a9789945455779 aDO-SdBNPbspacBNPHUerda aspa 4aRD861.44bB483o 20182221 aBeras Porrata, Miriamd1930-2009964176eautor4aut.10aOfrecer el corazón /cMirian Berras Porrata. aSegunda edición  aSanto Domingo : 4aSanto Domingo, República Dominicana : bEditorial Isla Negra,c©2018. a79 páginas ;c22 cm. atextobtxt2rdacontent asin mediaciónbn2rdamedia  avolumen bnc2rdacarrier aIncluye datos biográficos de la autora en la solapa de la cubierta aInventariado, 2022/MFF 4aPoesía dominicana 4aLiteratura dominicana aValidado. Control de calidad MFF 2ddccLBS1 00102ddc56708DSaBNPHUbBNPHUcHDd2018-05-10eDepósito Legal oBNPHU DS RD861.44 B843o 2018p2021-0346r2020-06-25te.3w2020-06-25yLBS1 00102ddc51708PDaBNPHUbBNPHUcHDd2012-11-15eDepósito Legal oBNPHU PD RD861.44 B483o 2018p2021-0345r2020-06-25te.2w2020-06-25yLBS1 00102ddc51708PDaBNPHUbBNPHUcHDd2018-05-10eDepósito Legal oBNPHU PD RD861.44 B483o 2018p2021-0341r2021-02-22w2021-02-22yLBS1 c37207d37207